000 00205nam a2200097Ia 4500
008 240331s9999 xx 000 0 und d
082 _bPAd
100 _a Pathmavathy A.S.
245 0 _aPenn mozhi
942 _cL
999 _c1523
_d1523